| 000 | 00583nam a2200229Ia 4500 | ||
|---|---|---|---|
| 003 | OSt | ||
| 005 | 20221005131107.0 | ||
| 006 | a|||||r|||| 00| 0 | ||
| 007 | ta | ||
| 008 | 221004b |||||||| |||| 00| 0 tam d | ||
| 024 | _a47507 | ||
| 037 | _cTextual | ||
| 040 |
_aCRL _cCRL _btam |
||
| 041 |
_2tam _atam |
||
| 082 | _aO31p211'N74<--N73, L4.1 | ||
| 245 | 0 | _aSeminar collection (1973-74) vaiyai | |
| 260 | _c1974 | ||
| 300 |
_a300p. _ccm. |
||
| 650 | _aTAMIL LANGUAGE | ||
| 942 |
_hO31p211'N74<--N73, L4.1 _cTEXL _2cc |
||
| 999 |
_c1059304 _d1059304 |
||